Biosensors theory and applications
Saved in:
| Main Author: | |
|---|---|
| Format: | Book |
| Language: | English |
| Published: |
Lancaster [Penn.]
Technomic Pub. Co.
1993.
|
| Subjects: | |
| Online Access: | Publisher description View in OPAC |
| Tags: |
No Tags, Be the first to tag this record!
|
MARC
| LEADER | 00000cam a2200000 a 4500 | ||
|---|---|---|---|
| 005 | 20260127134218.0 | ||
| 008 | 120131s1993 paua b 001 0 eng | ||
| 010 | |a 92-061490 | ||
| 020 | |a 0877629757 | ||
| 035 | |a vtls010338654 | ||
| 039 | 9 | |y 201201311212 |z mschk03 | |
| 040 | |a DLC |c DLC |d DLC |d STUSCHK1 | ||
| 082 | 0 | 0 | |a 610/.28 |2 20 |
| 100 | 1 | |a Buerk, Donald G. | |
| 245 | 1 | 0 | |a Biosensors |b theory and applications |c Donald G. Buerk. |
| 260 | |a Lancaster [Penn.] |b Technomic Pub. Co. |c 1993. | ||
| 300 | |a x, 221 p. |b ill. |c 24 cm. | ||
| 504 | |a Includes bibliographical references and indexes. | ||
| 650 | 0 | |a Biosensors. | |
| 856 | 4 | 2 | |3 Publisher description |u http://www.loc.gov/catdir/enhancements/fy0731/92061490-d.html |
| 906 | |a 7 |b cbc |c orignew |d 2 |e opcn |f 19 |g y-gencatlg | ||
| 910 | |a SCHK95 | ||
| 919 | |a 0-87762-975-7 | ||
| 991 | |b c-GenColl |h R857.B54 |i B84 1993 |p 00034107804 |t Copy 1 |w BOOKS | ||
| 999 | |c 6818 |d 6818 | ||